| 000 | 00340nam a22001457a 4500 | ||
|---|---|---|---|
| 003 | OSt | ||
| 005 | 20220105092004.0 | ||
| 008 | 220105b |||||||| |||| 00| 0 eng d | ||
| 020 | _a8177541838 | ||
| 040 | _cHU | ||
| 082 | _a331.91 | ||
| 100 |
_aPanda _927174 |
||
| 245 | _aPrinciples & Practices Of Water Management | ||
| 942 |
_2ddc _cBOOKS _n0 |
||
| 999 |
_c26072 _d26072 |
||